Введение в теорию концентрированных вихрей

Dades bibliogràfiques
Autor principal: Алексеенко С. В. Сергей Владимирович
Altres autors: Куйбин П. А. Павел Анатольевич, Окулов В. Л. Валерий Леонидович
Sumari:В монографии систематизированы и обобщены сведения о концентрированных вихрях, наблюдаемых в природе и технике. Рассмотрены основные методы исследования их кинематики и динамики. Особое внимание уделено течениям с винтовой симметрией. Описаны модели вихревых структур, применяемые при интерпретации экспериментальных данных и служащие базисом для развития теоретических и численных подходов к изучению вихрей. Представлены достижения в области анализа устойчивости, волн на вихрях и явление распада вихря. Для научных работников и инженеров, интересующихся вихревыми течениями, а также преподавателей, аспирантов и студентов соответствующих вузов.
Idioma:rus
Publicat: Новосибирск, Изд-во Ин-та теплофизики СО РАН, 2003
Matèries:
Format: MixedMaterials Llibre
KOHA link:https://koha.lib.tpu.ru/cgi-bin/koha/opac-detail.pl?biblionumber=103903

MARC

LEADER 00000nam0a2200000 4500
001 103903
005 20231101214521.0
010 |a 5890170279 
035 |a (RuTPU)RU\TPU\book\112008 
090 |a 103903 
100 |a 20061023d2003 k y0rusy50 ca 
101 0 |a rus 
102 |a RU 
105 |a a z 001zy 
200 1 |a Введение в теорию концентрированных вихрей   |f С. В. Алексеенко, П. А. Куйбин, В. Л. Окулов 
210 |a Новосибирск  |c Изд-во Ин-та теплофизики СО РАН  |d 2003 
215 |a 504 с.  |c ил. 
320 |a Библиогр.: с. 478-497. 
320 |a Список основных обозначений: с. 498-499. 
320 |a Предметный указатель: с. 500-503. 
330 |a В монографии систематизированы и обобщены сведения о концентрированных вихрях, наблюдаемых в природе и технике. Рассмотрены основные методы исследования их кинематики и динамики. Особое внимание уделено течениям с винтовой симметрией. Описаны модели вихревых структур, применяемые при интерпретации экспериментальных данных и служащие базисом для развития теоретических и численных подходов к изучению вихрей. Представлены достижения в области анализа устойчивости, волн на вихрях и явление распада вихря. Для научных работников и инженеров, интересующихся вихревыми течениями, а также преподавателей, аспирантов и студентов соответствующих вузов. 
606 |a Вихревая гидродинамика  |2 stltpush  |3 (RuTPU)RU\TPU\subj\69443  |9 84294 
610 1 |a концентрированные вихри 
610 1 |a вихревое движение 
610 1 |a вихревые нити 
610 1 |a вихревые структуры 
610 1 |a колоннообразные вихри 
610 1 |a волны 
610 1 |a динамика 
610 1 |a экспериментальное наблюдение 
610 1 |a вихревые аппараты 
610 1 |a завихренность 
610 1 |a циркуляция 
610 1 |a завихренная жидкость 
610 1 |a течения 
610 1 |a винтовая симметрия 
610 1 |a вихревые силы 
610 1 |a закон Био-Савара 
610 1 |a вихревые кольца 
610 1 |a вихревая пелена 
610 1 |a пространственно локализованные вихри 
610 1 |a вязкие модели 
610 1 |a волны Кельвина 
610 1 |a солитон Хасимото 
675 |a 532.527  |v 3 
700 1 |a Алексеенко  |b С. В.  |c специалист в области энергетики  |c профессор-консультант Томского политехнического университета, доктор физико-математических наук  |f 1950-  |g Сергей Владимирович  |2 stltpush  |3 (RuTPU)RU\TPU\pers\30629 
701 1 |a Куйбин  |b П. А.  |g Павел Анатольевич 
701 1 |a Окулов  |b В. Л.  |g Валерий Леонидович 
801 1 |a RU  |b 63413507  |c 20050902  |g PSBO 
801 2 |a RU  |b 63413507  |c 20170907  |g PSBO 
942 |c BK